000 00703nam a2200193 i 4500
001 32104
003 ES-MaACL
005 20251015063048.0
007 t|
008 030220s1863 fr ||||1| fre d
080 _a550.87
100 0 _aCarríe, Jean-Baptiste,
_cAbbé
_935737
245 1 0 _aHydroscopographie et métalloscopographie ou l'art de découvrir les eaux souterraines et les gisements métallifères au moyen de l'électro-magnétisme /
_cpar M. l'abbé Carrié.
260 _aParis :
_bE. Lacroix,
_c1863.
300 _a250 p. :
_bil. ;
_c24 cm.
650 4 _aRadiestesia.
_9148527
852 _aES-MaACL
_jG-6216(2)
_q. - Encuadernado con otras obras
999 _c32104
_d32104